000 00884nam a22002057a 4500
999 _c62834
_d62834
003 Ge_BSU
005 20250306113502.0
008 250306s1957 ge ||||| |||| 00| 0 geo d
041 _ageo
080 _a616.831.9-002.5 ჩ-72
100 _aჩიხლაძე, ი.
_924468
245 _aტუბერკულოზური მენინგიტის პროგნოზის საკითხისათვის /
_c ი. ჩიხლაძე.
264 _aთბილისი :
_bსაქმედგამი,
_c1957.
300 _a81 გვ. :
_bდიაგრ. ;
_c22 სმ.
490 _vექიმის ბიბლიოთეკა
504 _aბიბლიოგრ.: გვ. 78-80.
653 _aტუბერკულოზური მენინგიტი
653 _aმედიცინა
942 _2udc
_cᲬᲘᲒᲜᲘ